[Event "Barcelona Sant Marti op-B 23rd"]
[Site "Barcelona"]
[Date "2023.07.21"]
[Round "9"]
[White "Reyes Marin, Raul"]
[Black "Zubimendi Felip, Ricard"]
[Result "1-0"]
[WhiteElo "1725"]
[BlackElo "1779"]
[PlyCount "53"]
[EventDate "2023.07.13"]
[EventType "swiss"]
[EventRounds "9"]
[EventCountry "ESP"]
[SourceTitle "CBM 215 Extra"]
[Source "ChessBase"]
[SourceDate "2023.09.30"]
[SourceVersion "1"]
[SourceVersionDate "2023.09.30"]
[SourceQuality "1"]

1. e4 e5 2. Nf3 Nf6 3. Nxe5 d6 4. Nf3 Nxe4 5. Nc3 Nxc3 6. dxc3 Be7 7. Bd3 Nd7 8. Be3 c6 9. Qd2 0-0 10. 0-0-0 d5 11. h4 h5 12. g4 Qa5 13. Kb1 hxg4 14. Ng5 f5 15. Bd4 Bf6 16. Bxf5 Bxd4 17. Be6+ Kh8 18. Qxd4 Nf6 19. Rde1 Bxe6 20. Nxe6 Rf7 21. h5 Qb6 22. h6 g6 23. Qf4 Kh7 24. Ng5+ Kg8 25. h7+ Kg7 26. Nxf7 Nxh7 27. Rxh7+ 1-0

[Event "Barcelona Sant Marti op-B 23rd"]
[Site "Barcelona"]
[Date "2023.07.20"]
[Round "8"]
[White "Zubimendi Felip, Ricard"]
[Black "Navarro Garcia, Alberto"]
[Result "1-0"]
[WhiteElo "1779"]
[BlackElo "1474"]
[PlyCount "57"]
[EventDate "2023.07.13"]
[EventType "swiss"]
[EventRounds "9"]
[EventCountry "ESP"]
[SourceTitle "CBM 215 Extra"]
[Source "ChessBase"]
[SourceDate "2023.09.30"]
[SourceVersion "1"]
[SourceVersionDate "2023.09.30"]
[SourceQuality "1"]

1. d4 Nf6 2. c4 e5 3. dxe5 Ng4 4. Nf3 Bc5 5. e3 Nc6 6. Be2 0-0 7. Nc3 Re8 8. 0-0 Ncxe5 9. a3 a5 10. Nd4 Nxh2 11. Kxh2 Qh4+ 12. Kg1 Ra6 13. Nf5 Qg5 14. e4 Qf6 15. Nd5 Qd8 16. Be3 Bd6 17. c5 Nf3+ 18. Bxf3 Be5 19. Bd4 d6 20. Be2 Bxf5 21. Bxe5 Bxe4 22. Bg3 Rc6 23. Bb5 Rxc5 24. Bxe8 Rxd5 25. Qa4 Bd3 26. Rfe1 b5 27. Qxa5 h5 28. Bc6 Qg5 29. Bxd5 1-0

[Event "Barcelona Sant Marti op-B 23rd"]
[Site "Barcelona"]
[Date "2023.07.17"]
[Round "5"]
[White "Lopez Nunez, Alfonso"]
[Black "Zubimendi Felip, Ricard"]
[Result "0-1"]
[WhiteElo "1529"]
[BlackElo "1779"]
[PlyCount "120"]
[EventDate "2023.07.13"]
[EventType "swiss"]
[EventRounds "9"]
[EventCountry "ESP"]
[SourceTitle "CBM 215 Extra"]
[Source "ChessBase"]
[SourceDate "2023.09.30"]
[SourceVersion "1"]
[SourceVersionDate "2023.09.30"]
[SourceQuality "1"]

1. d4 Nf6 2. Nc3 d5 3. Bf4 c5 4. e3 c4 5. a4 a6 6. Nf3 Bf5 7. Be2 e6 8. 0-0 Be7 9. Ne5 0-0 10. b3 Qa5 11. Na2 c3 12. Bd3 Bg6 13. Bxg6 hxg6 14. Qd3 Rc8 15. Nc1 Nc6 16. Qe2 Nxe5 17. Bxe5 Ne4 18. Nd3 Qd8 19. Bg3 b5 20. Ne5 b4 21. Rfd1 Bf8 22. Qf3 Qe8 23. Qg4 Nf6 24. Qf3 Bd6 25. Ng4 Nxg4 26. Qxg4 Bxg3 27. Qxg3 Qe7 28. h3 Qf6 29. Qf4 Qxf4 30. exf4 Kf8 31. g3 Ke7 32. Kg2 Kd6 33. h4 Ra7 34. Rh1 Re7 35. Rae1 Rh8 36. Kf3 f6 37. Re3 g5 38. fxg5 fxg5 39. Re5 Rf7+ 40. Ke3 Rhf8 41. Rh2 gxh4 42. gxh4 Rf3+ 43. Ke2 R3f4 44. Ke3 Rg4 45. f3 Rg3 46. Rf2 Rh8 47. h5 Rh3 48. Rg2 R8xh5 49. Rxh5 Rxh5 50. Rxg7 Rh2 51. Kd3 Rd2+ 52. Ke3 Rxc2 53. Ra7 Rb2 54. Rxa6+ Ke7 55. a5 Rxb3 56. Rc6 Ra3 57. Rc5 c2+ 58. Kd2 b3 59. Rb5 Ra1 60. Rc5 b2 0-1

[Event "Barcelona Sant Marti op-B 23rd"]
[Site "Barcelona"]
[Date "2023.07.16"]
[Round "4"]
[White "Zubimendi Felip, Ricard"]
[Black "Bru Montoya, Pau"]
[Result "0-1"]
[WhiteElo "1779"]
[BlackElo "1647"]
[PlyCount "42"]
[EventDate "2023.07.13"]
[EventType "swiss"]
[EventRounds "9"]
[EventCountry "ESP"]
[SourceTitle "CBM 215 Extra"]
[Source "ChessBase"]
[SourceDate "2023.09.30"]
[SourceVersion "1"]
[SourceVersionDate "2023.09.30"]
[SourceQuality "1"]

1. d4 d5 2. c4 e5 3. dxe5 d4 4. e3 Bb4+ 5. Bd2 dxe3 6. Bxb4 exf2+ 7. Ke2 fxg1N+ 8. Ke1 Qh4+ 9. g3 Qe4+ 10. Kf2 Qxh1 11. Bg2 Nh3+ 12. Bxh3 Qxd1 13. Bxc8 Qd4+ 14. Kf3 Qxb2 15. Bc3 Qxh2 16. e6 Qh5+ 17. Kg2 Qe2+ 18. Kh3 Qf3 19. Bxg7 h5 20. exf7+ Kxf7 21. Bxh8 Qh1# 0-1

[Event "Barcelona Sant Marti op-B 23rd"]
[Site "Barcelona"]
[Date "2023.07.13"]
[Round "1"]
[White "Perez Molero, Jose Ignacio"]
[Black "Zubimendi Felip, Ricard"]
[Result "0-1"]
[WhiteElo "1473"]
[BlackElo "1779"]
[PlyCount "72"]
[EventDate "2023.07.13"]
[EventType "swiss"]
[EventRounds "9"]
[EventCountry "ESP"]
[SourceTitle "CBM 215 Extra"]
[Source "ChessBase"]
[SourceDate "2023.09.30"]
[SourceVersion "1"]
[SourceVersionDate "2023.09.30"]
[SourceQuality "1"]

1. d4 d5 2. c4 c6 3. Nc3 Nf6 4. Bg5 dxc4 5. e3 b5 6. Bxf6 exf6 7. g3 Bb7 8. Bg2 Qb6 9. a3 Na6 10. Nge2 Nc7 11. 0-0 Rd8 12. Qd2 Nd5 13. Nxd5 cxd5 14. Nc3 f5 15. Qc2 g6 16. b3 Be7 17. bxc4 dxc4 18. Rfb1 Bxg2 19. Kxg2 a6 20. Kg1 0-0 21. Ne2 Rc8 22. Nf4 Rfd8 23. Qc3 a5 24. Ra2 b4 25. axb4 axb4 26. Qa1 b3 27. Ra6 Qb8 28. Qc3 Bb4 29. Qb2 Qb5 30. Ra7 Rb8 31. Ne2 Rdc8 32. Nc3 Bxc3 33. Qxc3 Qb4 34. Qxb4 Rxb4 35. d5 c3 36. d6 c2 0-1

[Event "Barcelona Vila de Gracia op 23rd"]
[Site "Barcelona"]
[Date "2019.11.08"]
[Round "4"]
[White "Zubimendi Felip, Ricard"]
[Black "Estepa Fonseca, Omar Maria"]
[Result "1/2-1/2"]
[WhiteElo "1776"]
[BlackElo "2010"]
[PlyCount "45"]
[EventDate "2019.10.11"]
[EventType "swiss"]
[EventRounds "9"]
[EventCountry "ESP"]
[SourceTitle "CBM 194 Extra"]
[Source "ChessBase"]
[SourceDate "2020.03.31"]
[SourceVersion "1"]
[SourceVersionDate "2020.03.31"]
[SourceQuality "1"]

1. d4 Nf6 2. Bg5 g6 3. Bxf6 exf6 4. c4 Bg7 5. e3 0-0 6. g3 d5 7. Bg2 dxc4 8. Ne2 c5 9. 0-0 Nc6 10. d5 Ne5 11. Na3 Bd7 12. f4 Ng4 13. Qd2 f5 14. h3 Nf6 15. Nc3 Rb8 16. Nxc4 b5 17. Ne5 b4 18. Nxd7 Qxd7 19. Ne2 Ne4 20. Bxe4 fxe4 21. Kg2 c4 22. Rfd1 Qb5 23. d6 1/2-1/2

[Event "Barcelona Tey op-A 1st"]
[Site "Barcelona"]
[Date "2019.10.23"]
[Round "3.8"]
[White "Cespedes Llaverias, Llibert"]
[Black "Zubimendi Felip, Ricard"]
[Result "1-0"]
[WhiteElo "1915"]
[BlackElo "1776"]
[PlyCount "59"]
[EventDate "2019.10.09"]
[EventType "swiss"]
[EventRounds "9"]
[EventCountry "ESP"]
[SourceTitle "EXT 2024"]
[Source "ChessBase"]
[SourceDate "2023.10.10"]
[SourceVersion "1"]
[SourceVersionDate "2023.10.10"]
[SourceQuality "1"]

1. e4 e5 2. Bc4 Nf6 3. d3 d5 4. exd5 Nxd5 5. Nf3 Nc6 6. 0-0 Bg4 7. h3 Bh5 8. Re1 f6 9. Nxe5 Nxe5 10. Qxh5+ g6 11. Qf3 Qe7 12. Qxd5 Nf3+ 13. gxf3 Qxe1+ 14. Kg2 Qxc1 15. Qf7+ Kd8 16. Qxf6+ Kd7 17. Be6+ Kc6 18. Qxh8 Qg5+ 19. Bg4 h5 20. Qc3+ Kb6 21. Qb3+ Kc6 22. Qc4+ Kb6 23. f4 Qh4 24. Nc3 c6 25. Bf3 Bd6 26. a4 a5 27. Nb5 Bxf4 28. Qd4+ c5 29. Qd5 Qe7 30. Re1 1-0

[Event "Foment Martinenc op-B 21st"]
[Site "Barcelona"]
[Date "2019.06.22"]
[Round "9"]
[White "Franzoni Ladron, Enric"]
[Black "Zubimendi Felip, Ricard"]
[Result "0-1"]
[WhiteElo "1778"]
[BlackElo "1791"]
[PlyCount "68"]
[EventDate "2019.04.27"]
[EventType "swiss"]
[EventRounds "9"]
[EventCountry "ESP"]
[SourceTitle "EXT 2020"]
[Source "ChessBase"]
[SourceDate "2019.10.17"]
[SourceVersion "1"]
[SourceVersionDate "2019.10.17"]
[SourceQuality "1"]

1. e4 e5 2. Nf3 Nf6 3. Nc3 Nc6 4. Bb5 d6 5. Bxc6+ bxc6 6. h3 Be7 7. d3 h6 8. Be3 Be6 9. 0-0 Qd7 10. b3 0-0 11. Na4 Nh7 12. c4 f5 13. exf5 Bxf5 14. c5 Rf6 15. cxd6 cxd6 16. Qe2 Raf8 17. Kh2 Bxh3 18. Ng1 Be6 19. Rac1 Qe8 20. g3 Ng5 21. Bxg5 hxg5 22. Nc3 Rh6+ 23. Kg2 g4 24. Rfe1 Qh5 25. Ne4 Qh2+ 26. Kf1 Bd5 27. f4 exf4 28. Qxh2 Rxh2 29. Re2 fxg3+ 30. Ke1 Bxe4 31. dxe4 Rhf2 32. Kd1 Rf1+ 33. Kc2 Rxc1+ 34. Kxc1 Rf1+ 0-1

[Event "Foment Martinenc op-B 21st"]
[Site "Barcelona"]
[Date "2019.05.25"]
[Round "5"]
[White "Zubimendi Felip, Ricard"]
[Black "Aleksanyan Israelyan, Nicolas"]
[Result "1/2-1/2"]
[WhiteElo "1791"]
[BlackElo "1548"]
[PlyCount "68"]
[EventDate "2019.04.27"]
[EventType "swiss"]
[EventRounds "9"]
[EventCountry "ESP"]
[SourceTitle "EXT 2020"]
[Source "ChessBase"]
[SourceDate "2019.10.17"]
[SourceVersion "1"]
[SourceVersionDate "2019.10.17"]
[SourceQuality "1"]

1. e4 e6 2. d4 d5 3. e5 c5 4. c3 Nc6 5. Nf3 Qb6 6. a3 a5 7. Bd3 Bd7 8. Bc2 Be7 9. 0-0 f6 10. Re1 Rc8 11. Ra2 cxd4 12. cxd4 Qc7 13. Nc3 Na7 14. Nh4 g6 15. Nf3 f5 16. Ra1 b5 17. Bd3 Qb6 18. h4 h5 19. Bg5 Bxg5 20. hxg5 Ne7 21. Qd2 Kf7 22. Rec1 Kg7 23. Bf1 Nec6 24. Rc2 a4 25. Rac1 Na5 26. Rd1 Nb3 27. Qd3 Rc7 28. Na2 Rhc8 29. Rxc7 Qxc7 30. Nb4 Kf7 31. Nd2 Nxd2 32. Qxd2 Be8 33. Na6 Qb6 34. Nc5 Nc6 1/2-1/2

[Event "Foment Martinenc op-B 20th"]
[Site "Barcelona"]
[Date "2018.06.16"]
[Round "9"]
[White "Cajas Garcia, Juan Carlos"]
[Black "Zubimendi Felip, Ricard"]
[Result "1-0"]
[WhiteElo "1752"]
[BlackElo "1580"]
[PlyCount "121"]
[EventDate "2018.04.21"]
[EventType "swiss"]
[EventRounds "9"]
[EventCountry "ESP"]
[SourceTitle "CBM 184 Extra"]
[Source "ChessBase"]
[SourceDate "2018.06.28"]
[SourceVersion "1"]
[SourceVersionDate "2018.06.28"]
[SourceQuality "1"]

1. e4 c5 2. Nf3 Nc6 3. d4 cxd4 4. Nxd4 Nf6 5. Nc3 e6 6. Be2 d5 7. exd5 exd5 8. 0-0 Be7 9. Bf4 a6 10. Bf3 0-0 11. Re1 Re8 12. h3 Qb6 13. Nb3 Be6 14. Ne2 Rad8 15. Be3 Qc7 16. Nbd4 Ne5 17. Nf4 Bc8 18. c3 Ne4 19. Nxd5 Nxf3+ 20. Qxf3 Rxd5 21. Qxe4 Qd8 22. Qf3 Bd6 23. Bf4 Be6 24. Nxe6 fxe6 25. Bxd6 Qxd6 26. Rad1 Rf8 27. Rxd5 exd5 28. Qe3 Kh8 29. Qe5 Qb6 30. Re2 h6 31. Qxd5 Rd8 32. Qe5 Rd1+ 33. Kh2 Rd6 34. b3 Rg6 35. c4 Kh7 36. Re3 Rf6 37. Re2 Rxf2 38. Rxf2 Qxf2 39. Qe4+ Kg8 40. a3 Qb6 41. Qd5+ Kh7 42. c5 Qb5 43. b4 Kg6 44. Qe4+ Kf7 45. a4 Qd7 46. Qe5 Kg8 47. Qd6 Qc8 48. b5 axb5 49. axb5 Kh7 50. c6 bxc6 51. bxc6 Qa6 52. Qd7 Qe2 53. Qf5+ g6 54. Qf4 g5 55. Qd6 g4 56. Qd7+ Kh8 57. Qxg4 Qe5+ 58. Qg3 Qc5 59. c7 Kh7 60. Qf4 Kg7 61. Qg4+ 1-0

[Event "Foment Martinenc op-B 20th"]
[Site "Barcelona"]
[Date "2018.04.28"]
[Round "2"]
[White "Gonzalez Muelas, Javier"]
[Black "Zubimendi Felip, Ricard"]
[Result "0-1"]
[WhiteElo "1685"]
[BlackElo "1580"]
[PlyCount "90"]
[EventDate "2018.04.21"]
[EventType "swiss"]
[EventRounds "9"]
[EventCountry "ESP"]
[SourceTitle "CBM 184 Extra"]
[Source "ChessBase"]
[SourceDate "2018.06.28"]
[SourceVersion "1"]
[SourceVersionDate "2018.06.28"]
[SourceQuality "1"]

1. e4 c5 2. Nf3 Nc6 3. d4 cxd4 4. Nxd4 Nf6 5. Nc3 g6 6. Be2 Bg7 7. Be3 d5 8. Bb5 Bd7 9. exd5 Nxd4 10. Bxd4 0-0 11. 0-0 Bxb5 12. Nxb5 Nxd5 13. Bxg7 Kxg7 14. Qd4+ Nf6 15. Rad1 Qa5 16. Nc3 Rfd8 17. Qe3 e6 18. Ne4 Rxd1 19. Rxd1 Rd8 20. Rxd8 Qxd8 21. Qd3 Qxd3 22. cxd3 Nd5 23. d4 b5 24. Kf1 Nb4 25. Nc3 a6 26. Ke2 Kf6 27. Ne4+ Ke7 28. Nc5 Nxa2 29. Nxa6 Kd6 30. Kd3 h5 31. Kc2 Kc6 32. b4 Kb6 33. Kb2 Kxa6 34. Kxa2 Kb6 35. Kb3 Kc6 36. Kc3 Kd5 37. Kd3 f5 38. f4 Kd6 39. g3 Kc6 40. Ke3 Kd6 41. h4 Ke7 42. Kf3 Kd6 43. Ke3 Kc6 44. Kd3 Kd5 45. Ke3 Kc4 0-1

[Event "Foment Martinenc op-B 20th"]
[Site "Barcelona"]
[Date "2018.04.21"]
[Round "1"]
[White "Zubimendi Felip, Ricard"]
[Black "Ruiz Soria, Adria"]
[Result "1-0"]
[WhiteElo "1580"]
[BlackElo "1916"]
[PlyCount "65"]
[EventDate "2018.04.21"]
[EventType "swiss"]
[EventRounds "9"]
[EventCountry "ESP"]
[SourceTitle "CBM 184 Extra"]
[Source "ChessBase"]
[SourceDate "2018.06.28"]
[SourceVersion "1"]
[SourceVersionDate "2018.06.28"]
[SourceQuality "1"]

1. e4 e6 2. Nf3 d5 3. exd5 exd5 4. d4 Bd6 5. Be2 Nc6 6. Nc3 Nf6 7. Bg5 Be7 8. 0-0 Bf5 9. Re1 0-0 10. a3 Re8 11. Nh4 Qd7 12. Nxf5 Qxf5 13. Qd2 Ne4 14. Nxe4 dxe4 15. Be3 Rad8 16. c3 Ne5 17. h3 Qg6 18. Kh1 Qe6 19. Bf4 c5 20. Rad1 cxd4 21. cxd4 Ng6 22. Be3 Bc5 23. Qc3 Bb6 24. Bc4 Qf5 25. Qb3 Nf4 26. Qb5 Nd5 27. Qb3 Re7 28. Be2 Nf4 29. Bg4 Qf6 30. Be2 Bxd4 31. Qc3 Nxe2 32. Rxe2 Red7 33. Bxd4 1-0

[Event "Barcelona Sant Marti op-B 19th"]
[Site "Barcelona"]
[Date "2017.07.20"]
[Round "8"]
[White "Pascual Duran, Pau"]
[Black "Zubimendi Felip, Ricard"]
[Result "0-1"]
[WhiteElo "1491"]
[BlackElo "1625"]
[PlyCount "58"]
[EventDate "2017.07.13"]
[EventType "swiss"]
[EventRounds "9"]
[EventCountry "ESP"]
[SourceTitle "EXT 2018"]
[Source "ChessBase"]
[SourceDate "2017.10.13"]
[SourceVersion "1"]
[SourceVersionDate "2017.10.13"]
[SourceQuality "1"]

1. e4 c5 2. Nc3 Nc6 3. f4 d6 4. Nf3 g6 5. Bc4 Bg7 6. 0-0 e6 7. d3 Nge7 8. Qe1 Na5 9. Bb3 Nec6 10. f5 Nxb3 11. axb3 0-0 12. Ng5 exf5 13. Nd5 h6 14. Nh3 fxe4 15. Nhf4 exd3 16. Nxd3 Nd4 17. Qd1 h5 18. c3 Bg4 19. Qe1 Nc2 20. Qf2 Nxa1 21. Bf4 Nxb3 22. Qg3 Be6 23. c4 h4 24. Qe3 Re8 25. Bg5 Bxd5 26. Qf4 Qd7 27. cxd5 h3 28. Bf6 Nd4 29. Rf2 Ne2+ 0-1

[Event "Barcelona Sant Marti op-B 19th"]
[Site "Barcelona"]
[Date "2017.07.19"]
[Round "7"]
[White "Zubimendi Felip, Ricard"]
[Black "Fabregas Fontanet, Antonio"]
[Result "0-1"]
[WhiteElo "1625"]
[BlackElo "1903"]
[PlyCount "78"]
[EventDate "2017.07.13"]
[EventType "swiss"]
[EventRounds "9"]
[EventCountry "ESP"]
[SourceTitle "EXT 2018"]
[Source "ChessBase"]
[SourceDate "2017.10.13"]
[SourceVersion "1"]
[SourceVersionDate "2017.10.13"]
[SourceQuality "1"]

1. e4 g6 2. d4 Bg7 3. Nf3 d6 4. Nc3 Nd7 5. Be3 e5 6. Be2 Ngf6 7. h3 0-0 8. 0-0 c6 9. Qd2 Re8 10. dxe5 dxe5 11. Rad1 Qc7 12. Nh4 b5 13. a3 a5 14. b4 axb4 15. axb4 Bf8 16. Ra1 Qb8 17. Bd3 Bxb4 18. Rfb1 Bc5 19. Ne2 Rxa1 20. Rxa1 Qb6 21. Bxc5 Nxc5 22. Ng3 Qd8 23. Qg5 Nh5 24. Qxd8 Rxd8 25. Nxh5 gxh5 26. Ra8 Nb7 27. Rb8 Kf8 28. Be2 Nd6 29. Bxh5 Ke7 30. f3 Be6 31. Rxd8 Kxd8 32. Bg4 Ba2 33. Bf5 h6 34. Bh7 b4 35. f4 Bb1 36. Nf3 Bxc2 37. Nxe5 b3 38. Nxc6+ Kc7 39. e5 Bxh7 0-1

[Event "Barcelona Sant Marti op-B 19th"]
[Site "Barcelona"]
[Date "2017.07.14"]
[Round "2"]
[White "Zubimendi Felip, Ricard"]
[Black "Pinyol I Llora, Julia"]
[Result "1-0"]
[WhiteElo "1625"]
[BlackElo "1130"]
[PlyCount "133"]
[EventDate "2017.07.13"]
[EventType "swiss"]
[EventRounds "9"]
[EventCountry "ESP"]
[SourceTitle "EXT 2018"]
[Source "ChessBase"]
[SourceDate "2017.10.13"]
[SourceVersion "1"]
[SourceVersionDate "2017.10.13"]
[SourceQuality "1"]

1. e4 e5 2. Nf3 Nc6 3. Bb5 Bc5 4. 0-0 Nf6 5. d3 d6 6. Bg5 Bg4 7. h3 Bd7 8. Nc3 Nd4 9. Bxd7+ Qxd7 10. Nxd4 exd4 11. Ne2 0-0-0 12. f4 Rde8 13. Kh1 d5 14. e5 Ng8 15. Bh4 Ne7 16. g4 h5 17. Bxe7 Rxe7 18. Rf3 hxg4 19. Rg3 Rxh3+ 20. Kg2 Rxg3+ 21. Nxg3 Re8 22. Qh1 Qb5 23. Qh5 Qxb2 24. Qxg4+ Kd8 25. Qd1 Ba3 26. Rb1 Qxa2 27. Rxb7 a5 28. Rb8+ Ke7 29. Rb7 Bc5 30. Rxc7+ Kd8 31. Rxc5 a4 32. Qd2 a3 33. Qa5+ Ke7 34. Nf5+ Kf8 35. Nxd4 Qb2 36. Nb3 a2 37. Qc3 Qxc3 38. Rxc3 Ra8 39. Na1 Ke7 40. f5 f6 41. d4 Ra7 42. Kf2 Ra5 43. Ke2 Rb5 44. Rb3 Ra5 45. Kd2 Kf7 46. Kc1 Ra4 47. c3 Rc4 48. Kb2 Ra4 49. Ra3 Rxa3 50. Kxa3 Ke7 51. Kxa2 Kf7 52. Nb3 Ke7 53. Nc5 Kf7 54. Kb3 Ke7 55. Kb4 Kf7 56. Kb5 Ke7 57. Kc6 Kf7 58. e6+ Ke7 59. Kxd5 Kf8 60. Kc6 Ke7 61. d5 Kd8 62. Nb7+ Ke8 63. d6 Kf8 64. d7 Kg8 65. d8Q+ Kh7 66. e7 Kh6 67. Qh8+ 1-0

[Event "Foment Martinenc op-B 19st"]
[Site "Barcelona"]
[Date "2017.06.10"]
[Round "8.12"]
[White "Alvarez Albiol, Daniel"]
[Black "Zubimendi Felip, Ricard"]
[Result "0-1"]
[WhiteElo "1553"]
[BlackElo "1691"]
[PlyCount "56"]
[EventDate "2017.04.22"]
[EventType "swiss"]
[EventRounds "9"]
[EventCountry "ESP"]
[SourceTitle "EXT 2024"]
[Source "ChessBase"]
[SourceDate "2023.10.10"]
[SourceVersion "1"]
[SourceVersionDate "2023.10.10"]
[SourceQuality "1"]

1. e4 c5 2. Nf3 Nc6 3. d4 cxd4 4. Nxd4 g6 5. Be3 Bg7 6. Nc3 Nf6 7. Qd2 Ng4 8. 0-0-0 Nxe3 9. fxe3 0-0 10. Bc4 d6 11. h3 Bd7 12. g4 a6 13. a3 b5 14. Bd5 Rc8 15. Rhf1 b4 16. Bxc6 bxc3 17. Qxc3 Qb6 18. Qd3 Bxc6 19. h4 Bb5 20. Nxb5 Qxb5 21. Qxb5 axb5 22. Rd5 Rc5 23. Rd3 Rfc8 24. c3 Rc4 25. Rf4 Be5 26. Rf3 Rxe4 27. Rd1 Rxg4 28. Rdf1 Bf6 0-1

[Event "Foment Martinenc op-B 19st"]
[Site "Barcelona"]
[Date "2017.06.03"]
[Round "7.9"]
[White "Zubimendi Felip, Ricard"]
[Black "Ibanez Camara, Oscar"]
[Result "0-1"]
[WhiteElo "1691"]
[BlackElo "1608"]
[PlyCount "77"]
[EventDate "2017.04.22"]
[EventType "swiss"]
[EventRounds "9"]
[EventCountry "ESP"]
[SourceTitle "EXT 2024"]
[Source "ChessBase"]
[SourceDate "2023.10.10"]
[SourceVersion "1"]
[SourceVersionDate "2023.10.10"]
[SourceQuality "1"]

1. d4 Nf6 2. c4 e6 3. Nf3 b6 4. Bg5 Bb7 5. Nbd2 Bb4 6. a3 Bxd2+ 7. Nxd2 d5 8. e3 0-0 9. b4 Nbd7 10. c5 a5 11. Bb5 c6 12. Bd3 Ba6 13. Bxa6 Rxa6 14. 0-0 b5 15. e4 Qc7 16. e5 Ne4 17. Nxe4 dxe4 18. Be7 Rfa8 19. Bd6 Qd8 20. bxa5 Rxa5 21. Qg4 Rxa3 22. Rxa3 Rxa3 23. Qxe4 Qa8 24. h3 b4 25. Rb1 b3 26. Rb2 Qa4 27. Qh4 f6 28. Qh5 Qa8 29. exf6 Nxf6 30. Qe5 Qc8 31. Qe3 Nd5 32. Qg3 Qb7 33. Qf3 Qf7 34. Qg3 Qb7 35. h4 Nf6 36. Qe3 Ra1+ 37. Kh2 Ng4+ 38. Kg3 Nxe3 39. fxe3 0-1

[Event "Foment Martinenc op-B 19st"]
[Site "Barcelona"]
[Date "2017.04.22"]
[Round "1.20"]
[White "Garcia Gil, Jose Antonio"]
[Black "Zubimendi Felip, Ricard"]
[Result "0-1"]
[WhiteElo "1607"]
[BlackElo "1691"]
[PlyCount "120"]
[EventDate "2017.04.22"]
[EventType "swiss"]
[EventRounds "9"]
[EventCountry "ESP"]
[SourceTitle "EXT 2024"]
[Source "ChessBase"]
[SourceDate "2023.10.10"]
[SourceVersion "1"]
[SourceVersionDate "2023.10.10"]
[SourceQuality "1"]

1. d4 g6 2. Bf4 Bg7 3. Nf3 Nf6 4. e3 0-0 5. Bd3 Nc6 6. c3 d6 7. Nbd2 Re8 8. Bb5 Bd7 9. Qc2 a6 10. Ba4 b5 11. Bb3 Na5 12. 0-0 c5 13. dxc5 dxc5 14. a3 c4 15. Ba2 Nc6 16. Nd4 e5 17. Nxc6 Bxc6 18. Bg5 Qc7 19. Bxf6 Bxf6 20. e4 Rad8 21. Rfe1 Be7 22. Nf1 Bc5 23. Ne3 Qb7 24. Ng4 Qe7 25. Qe2 h5 26. Ne3 Rd6 27. Rad1 Red8 28. Bb1 Qg5 29. Rxd6 Rxd6 30. Bc2 Bd7 31. g3 Bxe3 32. fxe3 h4 33. Qf2 Rf6 34. Qg2 h3 35. Qd2 Qg4 36. Qd1 Rf3 37. Kh1 Bc6 38. Qd8+ Kh7 39. Qh4+ Qxh4 40. gxh4 Rf2 41. Rc1 Re2 42. Kg1 Rg2+ 43. Kh1 Bd7 44. Rf1 Kg7 45. Bd1 Rxb2 46. Bf3 Rb3 47. Kg1 Rxc3 48. Kf2 Rxa3 49. Rd1 Be6 50. Rc1 b4 51. Ke1 Rxe3+ 52. Kf2 Ra3 53. Bd1 b3 54. Rc3 Ra2+ 55. Kg3 b2 56. Bc2 Ra1 57. Kf2 b1Q 58. Bxb1 Rxb1 59. Ra3 Rb2+ 60. Kg3 Rb3+ 0-1